Conversaciones sobre el hambre Brasil y el derecho a la alimentacin̤ /

Bibliographic Details
Main Author: Gordillo, Gustavo
Other Authors: Gm̤ez, Hernǹ
Format: eBook
Language:Spanish
Published: Ciudad de Mx̌ico: Cm̀ara de Diputados, 2005
Subjects:
Online Access:Acceso restringido

MARC

LEADER 00000nam a22000007a 4500
005 20170825221155.0
007 cr|||| ||||
008 170825s2005 mx |||||s||||f00||0 spa d
035 |a 20442 
040 |a vLex 
090 |c 6848  |d 6848 
100 1 |a Gordillo, Gustavo 
245 1 0 |a Conversaciones sobre el hambre  |h [Recurso electrn̤ico] :  |b Brasil y el derecho a la alimentacin̤ /  |c Gustavo Gordillo, Hernǹ Gm̤ez 
256 |a Servicio en ln̕ea 
260 |a Ciudad de Mx̌ico:  |b Cm̀ara de Diputados,  |c 2005 
300 |a 1 recurso electrn̤ico 
506 1 |a Disponible solo en los productos indicados  |d vLex Global  |d vLex Global (Academic Edition, excluding Law Schools)  |d vLex Global (U.S. Academic Edition, Law Schools)  |d vLex Global (U.S. Academic Edition, excluding Law Schools)  |d vLex Global (Academic Edition, Law Schools) 
650 0 4 |a Derecho Pb︢lico y Administrativo  |z Mx̌ico 
650 0 4 |a Derecho Constitucional  |z Mx̌ico 
700 1 |a Gm̤ez, Hernǹ 
740 0 |a vLex Libros (Servicio en ln̕ea) 
856 4 0 |u http://vlex.com/source/conversaciones-sobre-el-hambre-brasil-y-el-derecho-a-la-alimentacion-20442  |z Acceso restringido 
942 |c BOOK 
999 0 |a Public and Administrative Law 
999 0 |a Constitutional Law